000 00354nam a2200133Ia 4500
008 240624s9999 xx 000 0 und d
041 _aeng
082 _a658.421 MLA
100 _aMLADJENOVIC PAUL
245 _aMICRO ENTREPRENEURSHIP FOR DUMMIES
260 _c2013
_aNew Delhi
_bWiley Publishing
300 _axviii, : 364 : p. : cm. ; 23
365 _cRS
999 _c24077
_d24077